Hệ thống máy công nghiệp phục vụ sản xuất cây trồng

保存先:
書誌詳細
第一著者: Nguyễn Quang Lộc
フォーマット: 図書
言語:Undetermined
出版事項: Hà Nội Giáo Dục 2000
主題:
タグ: タグ追加
タグなし, このレコードへの初めてのタグを付けませんか!
Thư viện lưu trữ: Trung tâm Học liệu Trường Đại học Cần Thơ
LEADER 00532nam a2200169Ia 4500
001 CTU_47459
008 210402s9999 xx 000 0 und d
082 |a 631.3 
082 |b L451/2000 
100 |a Nguyễn Quang Lộc 
245 0 |a Hệ thống máy công nghiệp phục vụ sản xuất cây trồng 
245 0 |c Nguyễn Quang Lộc 
260 |a Hà Nội 
260 |b Giáo Dục 
260 |c 2000 
650 |a agricultural machinery 
980 |a Trung tâm Học liệu Trường Đại học Cần Thơ